[Event "Chigorin Memorial"]
[Site "St Petersburg RUS"]
[Date "2013.10.09"]
[Round "5.97"]
[White "Petrochenko, Maria"]
[Black "Radkov, Bazhen D."]
[Result "0-1"]
[WhiteElo "1759"]
[BlackElo "2027"]
[WhiteFideId "24161420"]
[BlackFideId "24170593"]
[EventDate "2013.10.05"]

1. d4 Nf6 2. c4 g6 3. g3 Bg7 4. Bg2 O-O 5. Nc3 d6 6. Nf3 Nc6 7. O-O Rb8 8. Qd3
Bd7 9. b3 e6 10. e4 a6 11. Bb2 b5 12. Rab1 Re8 13. Rfd1 Nh5 14. h3 f5 15. exf5
gxf5 16. Qd2 bxc4 17. bxc4 Na5 18. Qd3 Nf6 19. Ne2 d5 20. cxd5 Bb5 21. Qc2 Nxd5
22. a3 Bc4 23. Re1 Bb3 24. Qc1 Ba2 25. Ra1 Nb3 26. Qc2 Nxa1 27. Rxa1 Bb3 28. Qd2
Ba4 29. Nc3 Nxc3 30. Qxc3 c5 31. Qe3 Rb3 32. Qd2 cxd4 33. Bxd4 Rxf3 34. Bxf3
Qxd4 35. Qxd4 Bxd4 36. Rb1 Bb5 0-1

[Event "Chigorin Memorial"]
[Site "St Petersburg RUS"]
[Date "2013.10.09"]
[Round "5.98"]
[White "Sorokina, Svetlana"]
[Black "Tugarin, Anton"]
[Result "0-1"]
[WhiteElo "1716"]
[BlackElo "2188"]
[WhiteFideId "24166006"]
[BlackFideId "24151246"]
[EventDate "2013.10.05"]

1. d4 e6 2. c4 b6 3. Nf3 Bb7 4. e3 f5 5. Nc3 Bb4 6. Bd3 Nf6 7. O-O O-O 8. Be2
Bxc3 9. bxc3 d6 10. a4 Ne4 11. Qb3 c5 12. a5 Nd7 13. a6 Bc8 14. Nd2 Nxd2 15.
Bxd2 e5 16. Qb5 Qc7 17. Rfd1 Nb8 18. Be1 Bd7 19. Qb2 Nc6 20. Qd2 Rad8 21. f3 Bc8
22. Qc2 Na5 23. Bd3 g6 24. Bh4 Rde8 25. Bf2 Bxa6 26. Qa4 cxd4 27. cxd4 e4 28.
Bf1 Bxc4 29. Bxc4+ Qxc4 30. Qd7 Qc6 31. Qxc6 Nxc6 32. d5 Na5 33. f4 Rf7 34. Rac1
Nb3 35. Rc6 Rd7 36. Be1 Kf7 37. Rb1 Nc5 38. Bc3 Ke7 39. Bd4 Nd3 40. Kf1 Rb7 41.
Rb5 Kd7 42. Rb3 Rc7 0-1

[Event "Chigorin Memorial"]
[Site "St Petersburg RUS"]
[Date "2013.10.09"]
[Round "5.99"]
[White "Shpartko, Grigory"]
[Black "Golubeva, Maria"]
[Result "1-0"]
[WhiteElo "2135"]
[BlackElo "1864"]
[WhiteFideId "24122254"]
[BlackFideId "24135542"]
[EventDate "2013.10.05"]

1. d4 d5 2. c4 c6 3. Nf3 Nf6 4. Nc3 a6 5. Bf4 dxc4 6. a4 e6 7. e4 Bb4 8. Qc2 b5
9. Be2 Bb7 10. O-O O-O 11. Bg5 Be7 12. Rad1 Nbd7 13. b3 b4 14. e5 cxb3 15. Qxb3
Nd5 16. Nxd5 cxd5 17. Bxe7 Qxe7 18. a5 Nb8 19. Rb1 Nc6 20. Qa4 Rfc8 21. Rfc1 Rc7
22. Rc2 Rac8 23. Rbc1 b3 24. Qxb3 Nxa5 25. Rxc7 Rxc7 26. Rxc7 Qxc7 27. Qa4 g6
28. h4 Nc4 29. Nh2 h5 30. g4 hxg4 31. Nxg4 Kg7 32. Nf6 Qe7 33. Bxc4 dxc4 34. h5
gxh5 35. Qc2 Kf8 36. Qh7 Qd8 37. Qb1 Bc6 38. Qb4+ Kg7 39. Qxc4 Bb5 40. Qc1 Kf8
41. Qc5+ Kg7 42. Nxh5+ Kh6 43. Nf6 Kg7 44. Qc3 Qh8 45. d5 exd5 46. Nxd5 Kf8 47.
Qc8+ Kg7 48. Qg4+ Kf8 49. Qb4+ Kg7 50. Qd4 Kf8 51. Nf6 Qg7+ 52. Kh2 Qh6+ 53. Kg3
Qg6+ 54. Kf4 Qh6+ 55. Ke4 Qh1+ 56. Ke3 Qc1+ 57. Ke4 Bc6+ 58. Kf5 Qc2+ 59. Kg4
Qg6+ 60. Kh4 Qh6+ 61. Nh5 Ke8 62. Qb6 Ke7 63. Qxa6 Qe6 64. Qa3+ Kd7 65. Nf6+ Kc7
66. Qa7+ Kc8 67. Qc5 Kc7 68. Kg5 Qb3 69. Kh6 Qh3+ 70. Kg7 Qe6 71. Kf8 Kd8 72.
Qd6+ Kc8 73. Qxe6+ fxe6 74. Ke7 1-0

[Event "Chigorin Memorial"]
[Site "St Petersburg RUS"]
[Date "2013.10.09"]
[Round "5.100"]
[White "Kartsev, Evgeni"]
[Black "Khatenever, Feliks"]
[Result "1-0"]
[WhiteElo "2067"]
[BlackElo "1837"]
[WhiteFideId "24162469"]
[BlackFideId "4131800"]
[EventDate "2013.10.05"]

1. e4 c5 2. Nf3 Nc6 3. Bb5 Qb6 4. Qe2 e6 5. c3 Nge7 6. h4 a6 7. Ba4 d6 8. h5 h6
9. a3 Qa5 10. Bc2 Bd7 11. b3 Qc7 12. Bb2 e5 13. Nh4 O-O-O 14. Qf3 f6 15. d3 Kb8
16. Nd2 Qc8 17. Bd1 Be6 18. g4 d5 19. Rb1 Qd7 20. Bc1 dxe4 21. dxe4 Qd3 22. Qxd3
Rxd3 23. Bb2 Rg8 24. Be2 Rd8 25. b4 Nc8 26. Bc4 Bxc4 27. Nxc4 b5 28. Ne3 Nb6 29.
f3 Na4 30. Nd5 Ne7 31. Nxe7 Bxe7 32. Nf5 Bd6 33. Ke2 Bc7 34. Rhd1 Rxd1 35. Kxd1
Rd8+ 36. Kc2 Rd7 37. Rf1 cxb4 38. axb4 Kb7 39. Bc1 Bb6 40. Bd2 Ba7 41. Rd1 Nb6
42. Be3 Rc7 43. Bxb6 Bxb6 44. Rd5 Bf2 45. Nd6+ Kb8 46. Rd3 Ka7 47. Kb3 Kb6 48.
Nf5 Kb7 49. Kc2 Kc8 50. Kd2 Bb6 51. Rd6 Kb7 52. Rd8 a5 53. Rg8 axb4 54. cxb4 Ka6
55. Rxg7 Rc4 56. Rg6 Rxb4 57. Kc3 Rc4+ 58. Kb3 Ka5 59. Rxf6 Rb4+ 60. Kc3 Ra4 61.
g5 Bd8 62. Rxh6 Bxg5 63. Rg6 Bf4 64. h6 Rc4+ 65. Kd3 Rc8 66. h7 Rd8+ 67. Kc3 Rh8
68. Rg7 Bg5 69. Rxg5 Rxh7 70. Ne3 Ka4 71. Rxe5 b4+ 72. Kd4 Rf7 73. Rf5 Rd7+ 74.
Nd5 Rd8 75. Rf7 Ka3 76. Rb7 b3 77. f4 Ka2 78. f5 b2 79. f6 b1=Q 80. Rxb1 Kxb1
81. e5 1-0

[Event "Chigorin Memorial"]
[Site "St Petersburg RUS"]
[Date "2013.10.09"]
[Round "5.101"]
[White "Orel, Danil"]
[Black "Erenberg, Ariel"]
[Result "1-0"]
[WhiteElo "1831"]
[BlackElo "2029"]
[WhiteFideId "24164895"]
[BlackFideId "2811634"]
[EventDate "2013.10.05"]

1. e4 c5 2. Nf3 e6 3. c3 d5 4. exd5 exd5 5. d4 a6 6. Be2 Nf6 7. O-O Be7 8. dxc5
Bxc5 9. Nbd2 O-O 10. Nb3 Bb6 11. Bg5 Be6 12. Nfd4 Nbd7 13. Qc2 h6 14. Bf4 Rc8
15. Rad1 Ne4 16. f3 Nef6 17. Kh1 Bc7 18. Bxc7 Qxc7 19. Bd3 Rfe8 20. Rde1 Nc5 21.
Nxe6 fxe6 22. f4 Nxd3 23. Qxd3 b5 24. Nd4 Qd6 25. Qg6 Re7 26. Re3 Rf8 27. Qd3
Nd7 28. Ref3 Rf6 29. Nb3 Nc5 30. Nxc5 Qxc5 31. g3 Qc6 32. Qd4 Qd6 33. Kg2 Rc7
34. Rd1 Rc4 35. Qd3 g6 36. b3 Rc7 37. c4 bxc4 38. bxc4 Rd7 39. Qd4 Kf7 40. c5
Qc6 41. Rb3 Rc7 42. Rc1 g5 43. Rb6 Qa8 44. Qe5 Qd8 45. c6 Kg6 46. Rb7 Rc8 47.
Rc5 Qf8 48. Rc3 Qd8 49. fxg5 hxg5 50. h4 Rf5 51. h5+ Kh6 52. Qg7+ Kxh5 53. Qh7+ 1-0

[Event "Chigorin Memorial"]
[Site "St Petersburg RUS"]
[Date "2013.10.09"]
[Round "5.102"]
[White "Voronenkov, Sergey"]
[Black "Skafar, Darya"]
[Result "1/2-1/2"]
[WhiteElo "2019"]
[BlackElo "1828"]
[WhiteFideId "24129674"]
[BlackFideId "24167169"]
[EventDate "2013.10.05"]

1. e4 e5 2. Nf3 Nc6 3. Bb5 a6 4. Ba4 Nf6 5. O-O Be7 6. Re1 b5 7. Bb3 O-O 8. d4
d6 9. c3 Bg4 10. Be3 exd4 11. cxd4 Na5 12. Bc2 c5 13. h3 Bh5 14. g4 Bg6 15. Nbd2
Re8 16. Rc1 Rc8 17. b3 c4 18. bxc4 Nxc4 19. Nxc4 Rxc4 20. e5 dxe5 21. Bxg6 hxg6
22. Rxc4 bxc4 23. dxe5 Nd5 24. Qa4 Nxe3 25. Rxe3 Bc5 26. Re1 c3 27. Rc1 Re6 28.
Rxc3 Qb6 29. Qc2 Bf8 30. Rc8 Qb7 31. Qc5 Qe7 32. Qc3 Qb7 33. Kh2 Qb6 34. Kg3 Qb7
35. Qc4 Qb5 36. Qf4 Qb7 37. Qc4 Qb5 38. Qf4 Qb7 39. Ng5 Re7 40. Rc3 Qb2 41. Qc4
Qb5 42. f4 Qb1 43. Rc1 Qb6 44. Qb3 Qd4 45. Rd1 Qa7 46. Nf3 Rb7 47. Qd5 Rb2 48.
Rd2 Rb5 49. Qd4 Qb7 50. Qd7 Qe4 51. Qd3 Qxd3 52. Rxd3 Rb2 53. Rd2 Rb4 54. Nd4
Bc5 55. Nc6 Rc4 56. f5 gxf5 57. gxf5 Be3 58. Rd3 Bf2+ 59. Kxf2 Rxc6 60. Kf3 Rc5
61. Ke4 Ra5 62. a3 Ra4+ 63. Kd5 Rf4 64. Rd4 Rxf5 65. Ke4 Rh5 66. Rd6 Rh4+ 67.
Kf5 Ra4 68. Rd3 Kf8 69. Rb3 g6+ 70. Kg5 Re4 71. Rb8+ Kg7 72. Rb6 Rxe5+ 73. Kf4
Ra5 74. Rb3 g5+ 75. Kg4 Kg6 76. Kg3 Ra4 77. Rc3 f6 78. Rd3 Kf5 79. Kf3 Kg6 80.
Kg3 f5 81. Rd6+ Kh5 82. Rd3 Rc4 83. Rb3 a5 84. Rb5 Rc3+ 85. Kg2 Rxa3 86. Rxf5 a4
87. Rf8 Ra1 88. Ra8 Ra3 89. Ra6 Ra2+ 90. Kg3 Ra1 91. Kg2 1/2-1/2

[Event "Chigorin Memorial"]
[Site "St Petersburg RUS"]
[Date "2013.10.09"]
[Round "5.103"]
[White "Opanasenko, Mikhail"]
[Black "Blank, David"]
[Result "1-0"]
[WhiteElo "2009"]
[BlackElo "1818"]
[WhiteFideId "24176834"]
[BlackFideId "24195855"]
[EventDate "2013.10.05"]

1. e4 e5 2. Nf3 Nf6 3. d4 Nxe4 4. Bd3 d5 5. Nxe5 Bd6 6. O-O O-O 7. Re1 Re8 8. c4
Nf6 9. Bg5 dxc4 10. Bxc4 Be6 11. Bxe6 Rxe6 12. Nc3 h6 13. Qb3 Bxe5 14. dxe5 hxg5
15. exf6 Rb6 16. Rad1 Qf8 17. fxg7 Kxg7 18. Qc2 Na6 19. Nd5 Rc6 20. Qf5 f6 21.
Re7+ 1-0

[Event "Chigorin Memorial"]
[Site "St Petersburg RUS"]
[Date "2013.10.09"]
[Round "5.104"]
[White "Selivanov, Ivan"]
[Black "Shilnikov, Igor S."]
[Result "1-0"]
[WhiteElo "2005"]
[BlackElo "1818"]
[WhiteFideId "24199060"]
[BlackFideId "4155653"]
[EventDate "2013.10.05"]

1. e4 e5 2. Nf3 Nc6 3. Bb5 g6 4. O-O Bg7 5. c3 d6 6. d4 Bd7 7. d5 Nce7 8. a4 Nf6
9. Qc2 O-O 10. Bxd7 Qxd7 11. c4 Nh5 12. Nc3 h6 13. Nd2 g5 14. Qd1 Nf4 15. Nb3
Neg6 16. Kh1 f5 17. g3 Nh3 18. Qh5 fxe4 19. Qxg6 Rf6 20. Qh5 Nxf2+ 21. Kg2 Raf8
22. Be3 Ng4 23. Bg1 Rxf1 24. Rxf1 Rxf1 25. Kxf1 Qf5+ 26. Ke1 e3 27. h3 Nf2 28.
Qe2 Nd3+ 29. Kd1 e4 30. Bxe3 Qxh3 31. Bd2 Qxg3 32. Nxe4 Nxb2+ 33. Kc2 Qh3 34.
Nc3 Nxc4 35. Qxc4 Qd7 36. Qe4 Be5 37. Qg6+ Bg7 38. Ne4 Qe7 39. Nd4 1-0

[Event "Chigorin Memorial"]
[Site "St Petersburg RUS"]
[Date "2013.10.09"]
[Round "5.106"]
[White "Shemenko, Georgy"]
[Black "Kiseleva, Arina"]
[Result "1-0"]
[BlackTitle "WC"]
[WhiteElo "1802"]
[BlackElo "1992"]
[WhiteFideId "34112879"]
[BlackFideId "4164989"]
[EventDate "2013.10.05"]

1. e4 c5 2. Nf3 d6 3. c3 Nf6 4. Be2 Nc6 5. d4 cxd4 6. cxd4 e6 7. Nc3 Be7 8. O-O
O-O 9. Bg5 Ne8 10. Bxe7 Nxe7 11. Nd2 Nc7 12. f4 f5 13. e5 dxe5 14. dxe5 Qd4+ 15.
Kh1 Ned5 16. Nxd5 Nxd5 17. Nc4 Qxd1 18. Bxd1 b6 19. Bf3 Ba6 20. Rfc1 Rad8 21.
Bxd5 Rxd5 22. Nd6 g5 23. g3 Rd2 24. b4 Be2 25. Rc3 g4 26. Nc4 Rd4 27. Rac1 Rc8
28. Nd6 Rxc3 29. Rxc3 Bf3+ 30. Kg1 Rd1+ 31. Kf2 Rd2+ 32. Ke3 Re2+ 33. Kd3 Rxa2
34. Rc8+ Kg7 35. Rc7+ Kg6 36. Re7 Bd5 37. Ne8 Ra3+ 38. Kd2 Ra2+ 39. Kd3 Ra3+ 40.
Kd4 Ra4 41. Rg7+ Kh6 42. Rg5 Rxb4+ 43. Kd3 Rc4 44. Nf6 Rc8 45. Ng8+ Rxg8 46.
Rxg8 b5 47. Kc3 a5 48. Kd4 b4 49. Kc5 b3 50. Rb8 Kg7 51. Kb5 h6 52. Kxa5 Kf7 53.
Ka4 Ke7 54. Ka3 Kd7 55. Rh8 Kc6 56. Rxh6 Kc5 57. Rh8 Kd4 58. Rd8 Kc3 59. Re8 Kd3
60. Kb2 Kd4 61. Rd8 Ke4 62. Rxd5 Kxd5 63. Kxb3 Kc5 64. Kc3 Kd5 65. Kb4 Kc6 66.
Kc4 Kb6 67. Kb4 Kc6 68. Kc4 Kb6 69. Kd4 Kb5 70. Ke3 Kc4 71. Kf2 Kd3 72. Kg2 Ke3
73. h4 gxh3+ 74. Kxh3 Ke4 75. Kh4 Kf3 76. Kh3 Ke4 77. Kg2 Ke3 78. Kg1 Ke2 79. g4 1-0

[Event "Chigorin Memorial"]
[Site "St Petersburg RUS"]
[Date "2013.10.09"]
[Round "5.108"]
[White "Lazarev, Alexander A."]
[Black "Mushak, Alexander"]
[Result "1-0"]
[WhiteElo "1945"]
[BlackElo "1801"]
[WhiteFideId "34109452"]
[BlackFideId "24134082"]
[EventDate "2013.10.05"]

1. e4 g6 2. d4 Bg7 3. Be3 d6 4. Nc3 Nc6 5. f4 e6 6. Nf3 Nge7 7. Be2 d5 8. e5 Nf5
9. Bf2 h5 10. Qd2 Qe7 11. g3 Qb4 12. O-O-O a6 13. h3 Na5 14. a3 Qe7 15. Nxd5
exd5 16. Qxa5 c6 17. g4 hxg4 18. hxg4 Nh6 19. Bh4 Qd7 20. Nh2 Nf5 21. gxf5 Rxh4
22. fxg6 fxg6 23. Nf3 Rxf4 24. Rh7 Kf8 25. Qd2 Qf5 26. Nh4 Qf7 27. Nxg6+ Qxg6
28. Qxf4+ Kg8 29. Bd3 Qxh7 30. Bxh7+ Kxh7 31. Qf7 1-0

[Event "Chigorin Memorial"]
[Site "St Petersburg RUS"]
[Date "2013.10.09"]
[Round "5.109"]
[White "Stepanov, Andrey"]
[Black "Alieva, Alexandra"]
[Result "0-1"]
[WhiteElo "1731"]
[BlackElo "1940"]
[WhiteFideId "24198730"]
[BlackFideId "24133353"]
[EventDate "2013.10.05"]

1. e4 e5 2. Nf3 Nc6 3. Bb5 Nf6 4. O-O Bc5 5. Re1 O-O 6. c3 d6 7. h3 Bd7 8. d4
Bb6 9. Bg5 h6 10. Bxf6 Qxf6 11. d5 Nb8 12. Bxd7 Nxd7 13. Nbd2 Qg6 14. Nc4 Nf6
15. Nxb6 axb6 16. Nh4 Qg5 17. Nf5 Nxe4 18. Nxh6+ Qxh6 19. Rxe4 f5 20. Rc4 Rf7
21. a3 f4 22. Qg4 Raf8 23. Rd1 Qh7 24. Qf3 Qc2 25. Rb4 Re7 26. Qd3 Qxd3 27. Rxd3
e4 28. Rdd4 Rfe8 29. Kf1 g5 30. Rdc4 Kf7 31. g3 f3 32. h4 gxh4 33. gxh4 Kg6 34.
Ke1 Kh5 35. Kd2 Kxh4 36. Ke3 Kh3 37. Rxe4 Kg2 38. Rxe7 Rxe7+ 39. Kd2 Kxf2 40.
Rg4 Re2+ 41. Kd1 Rxb2 42. Rg7 Rb5 43. c4 Rc5 44. Rg4 Ke3 45. Ke1 b5 0-1

[Event "Chigorin Memorial"]
[Site "St Petersburg RUS"]
[Date "2013.10.09"]
[Round "5.110"]
[White "Yakovlev, Yuri S."]
[Black "Tarakanova, Valeria"]
[Result "1-0"]
[WhiteElo "1940"]
[BlackElo "1775"]
[WhiteFideId "4173929"]
[BlackFideId "24179205"]
[EventDate "2013.10.05"]

1. e4 e5 2. Nf3 Nc6 3. Bc4 g6 4. d3 Bg7 5. Nc3 d6 6. h3 Nge7 7. Be3 O-O 8. Qd2
Na5 9. Bb3 Nxb3 10. axb3 f5 11. Bg5 c6 12. exf5 Bxf5 13. Bh6 Qc7 14. Bxg7 Kxg7
15. g4 Bd7 16. Nh4 a6 17. O-O-O Rf7 18. Rde1 Raf8 19. Re2 Qa5 20. Kb1 Nd5 21.
Nxd5 Qxd5 22. Rf1 Rf4 23. c4 Qd4 24. Kc2 b5 25. f3 Be6 26. Qe3 Qxe3 27. Rxe3 Bc8
28. Ng2 R4f7 29. Ne1 Rf4 30. c5 dxc5 31. Rxe5 c4 32. dxc4 bxc4 33. b4 h6 34. Rf2
Rd8 35. Rd2 Rfd4 36. Rxd4 Rxd4 37. Kc3 Rf4 38. Re8 Bd7 39. Re7+ Rf7 40. Rxf7+
Kxf7 41. Kxc4 Kf6 42. h4 Be6+ 43. Kd4 Bd5 44. Ke3 Bc4 45. Nc2 Bb3 46. Nd4 Ba4
47. b3 Bb5 48. Nxb5 cxb5 49. f4 h5 50. g5+ Kf5 51. Kf3 Ke6 52. Ke4 Kd6 53. f5
gxf5+ 54. Kxf5 1-0

[Event "Chigorin Memorial"]
[Site "St Petersburg RUS"]
[Date "2013.10.09"]
[Round "5.111"]
[White "Demura, Anna"]
[Black "Egorov, Daniil"]
[Result "0-1"]
[WhiteElo "1652"]
[BlackElo "1929"]
[WhiteFideId "24167142"]
[BlackFideId "24171956"]
[EventDate "2013.10.05"]

1. e4 c5 2. Nf3 d6 3. d4 cxd4 4. Nxd4 Nf6 5. Nc3 Nc6 6. Be3 e5 7. Nf3 Be7 8. Bb5
O-O 9. O-O h6 10. h3 Be6 11. Qe2 Qc7 12. Rfd1 Rac8 13. Bc4 Nd4 14. Bxd4 Bxc4 15.
Qd2 exd4 16. Nxd4 Be6 17. Ndb5 Qb6 0-1

[Event "Chigorin Memorial"]
[Site "St Petersburg RUS"]
[Date "2013.10.09"]
[Round "5.112"]
[White "Gantsevich, Aleksei"]
[Black "Pitkanen, Juhani"]
[Result "1/2-1/2"]
[WhiteElo "1922"]
[BlackElo "1744"]
[WhiteFideId "24131610"]
[BlackFideId "504432"]
[EventDate "2013.10.05"]

1. Nf3 c5 2. g3 Nc6 3. Bg2 g6 4. O-O Bg7 5. d3 e6 6. e4 Nge7 7. Nbd2 O-O 8. Re1
d6 9. a4 b6 10. c3 Bb7 11. h4 h5 12. Ng5 Qd7 13. f4 f6 14. Ngf3 f5 15. Ng5 Nd8
16. Qb3 d5 17. exd5 Nxd5 18. Ndf3 Re8 19. Bd2 Nc7 20. Re3 Bd5 21. Qc2 Rc8 22.
Rae1 Nf7 23. Nxf7 Qxf7 24. Kh2 Bxf3 25. Bxf3 Nd5 26. Rxe6 Nf6 27. Rxe8+ Rxe8 28.
Kg2 Kh7 29. Qd1 Qd7 30. Rxe8 Qxe8 31. b3 Qd7 32. Qe2 Nd5 33. Qe1 Nc7 34. Be2
Qd5+ 35. Kh3 Qxb3 36. Bd1 Qf7 37. Qh1 Qd5 38. Qf3 Qxf3 39. Bxf3 Bf6 40. Kg2 Kg7
41. Kf2 Kf7 42. Ke3 Ke6 43. d4 cxd4+ 44. cxd4 a6 45. Kd3 b5 46. Ba5 Nd5 47. Bd1
b4 48. Bb3 Kd6 49. Kc4 Ne3+ 50. Kxb4 Bxd4 51. Bf7 Nf1 52. Bc4 Nxg3 53. Bxa6 Ne4
54. Kb5 Kd7 55. Bb7 Nd6+ 56. Ka6 Be3 57. Bd5 Bxf4 58. Bb6 Bg3 59. Bd4 Bxh4 60.
Kb6 Be1 61. a5 Bxa5+ 62. Kxa5 g5 63. Kb4 g4 64. Be5 Ne4 65. Kc4 h4 66. Bxe4 fxe4
67. Kd4 Ke6 68. Kxe4 g3 1/2-1/2

[Event "Chigorin Memorial"]
[Site "St Petersburg RUS"]
[Date "2013.10.09"]
[Round "5.114"]
[White "Zakharov, Yuri"]
[Black "Elizarova, Taisia"]
[Result "1/2-1/2"]
[WhiteElo "1891"]
[BlackElo "1715"]
[WhiteFideId "4166620"]
[BlackFideId "24128350"]
[EventDate "2013.10.05"]

1. Nf3 Nf6 2. g3 d5 3. Bg2 c5 4. d3 Nc6 5. Nbd2 e5 6. e4 Be7 7. c3 O-O 8. O-O
dxe4 9. dxe4 Qc7 10. Qe2 a6 11. a4 Rb8 12. Re1 b5 13. axb5 axb5 14. Nf1 h6 15.
Nh4 Bg4 16. Qc2 Be6 17. Ne3 Rfd8 18. Nhf5 b4 19. Nxe7+ Qxe7 20. Nf5 Qc7 21. Be3
bxc3 22. bxc3 Na5 23. Rxa5 Qxa5 24. Ne7+ Kh8 25. Nc6 Qc7 26. Nxd8 Rxd8 27. f3
Ne8 28. Rd1 Rxd1+ 29. Qxd1 Nd6 30. f4 Nc4 31. Bc1 Qa5 32. f5 Bc8 33. Qc2 Qa1 34.
Bf1 Ba6 35. Kf2 Nd6 36. Bxa6 Qxa6 37. f6 Qc4 38. fxg7+ Kxg7 39. Bxh6+ Kxh6 40.
Qd2+ Kg7 41. Qxd6 Qxc3 42. Qd5 c4 43. h4 Kg6 44. Kg2 Qb2+ 45. Kh3 Qd4 46. Qc6+
Kg7 47. h5 f6 48. h6+ Kxh6 1/2-1/2

[Event "Chigorin Memorial"]
[Site "St Petersburg RUS"]
[Date "2013.10.09"]
[Round "5.115"]
[White "Gantsevich, Aleksey A."]
[Black "Aleksandrov, Grigoriy"]
[Result "0-1"]
[WhiteElo "1614"]
[BlackElo "1890"]
[WhiteFideId "24195863"]
[BlackFideId "24199656"]
[EventDate "2013.10.05"]

1. e4 c5 2. Nf3 d6 3. d4 cxd4 4. Nxd4 Nf6 5. Nc3 a6 6. Be3 e5 7. Nb3 Be6 8. f3
Nbd7 9. Qd2 Be7 10. O-O-O b5 11. g4 Rc8 12. Kb1 Qc7 13. h4 Nb6 14. Qf2 Nc4 15.
Bxc4 bxc4 16. Nd2 Rb8 17. Ka1 d5 18. g5 d4 19. gxf6 dxc3 20. bxc3 Qa5 21. Nb3
Qxc3+ 22. Kb1 cxb3 23. cxb3 Bxb3 0-1

[Event "Chigorin Memorial"]
[Site "St Petersburg RUS"]
[Date "2013.10.09"]
[Round "5.118"]
[White "Rubtsov, Daniil"]
[Black "Nuritdinov, Nizomiddin"]
[Result "0-1"]
[WhiteElo "1522"]
[BlackElo "1882"]
[WhiteFideId "34174513"]
[BlackFideId "14203820"]
[EventDate "2013.10.05"]

1. e4 d6 2. d4 Nf6 3. Nc3 g6 4. f3 Bg7 5. Be3 c6 6. Bd3 Qc7 7. Nge2 Nbd7 8. Qd2
h5 9. O-O-O b6 10. h3 Bb7 11. g4 hxg4 12. hxg4 O-O-O 13. g5 Nh5 14. f4 Kb8 15.
d5 Nc5 16. Rhg1 Rhg8 17. Rdf1 e6 18. dxc6 Bxc6 19. f5 Be5 20. Bd4 exf5 21. exf5
Qb7 22. fxg6 Nxd3+ 23. Qxd3 fxg6 24. Qc4 Rg7 25. Bxe5 dxe5 26. Rf2 Bd7 27. Ne4
Bf5 28. N2c3 Rc7 29. Qe2 Nf4 30. Qf3 Rc4 31. Re1 Qc6 32. Nf6 Nd3+ 33. cxd3 Rxc3+
34. bxc3 Qxc3+ 35. Rc2 Qxe1+ 36. Kb2 Qb4+ 37. Kc1 Qa3+ 38. Kb1 Qxd3 0-1

[Event "Chigorin Memorial"]
[Site "St Petersburg RUS"]
[Date "2013.10.09"]
[Round "5.120"]
[White "Chernov, Maksim"]
[Black "Rybakova, Polina"]
[Result "1-0"]
[WhiteElo "1962"]
[BlackElo "1794"]
[WhiteFideId "24194280"]
[BlackFideId "24178829"]
[EventDate "2013.10.05"]

1. e4 c5 2. Nf3 d6 3. d4 cxd4 4. Nxd4 Nf6 5. Nc3 a6 6. Bc4 e6 7. Bb3 b5 8. a3
Qd7 9. O-O Bb7 10. Re1 Be7 11. Kh1 O-O 12. f4 Nc6 13. Be3 Nxd4 14. Bxd4 Rfd8 15.
Qe2 Re8 16. Rad1 Qc6 17. Rd3 Rac8 18. Rh3 d5 19. e5 Ne4 20. Nxe4 dxe4 21. Qh5 h6
22. f5 Bf8 23. Be3 Rc7 24. Bxh6 gxh6 25. Rg3+ Bg7 26. f6 1-0

[Event "Chigorin Memorial"]
[Site "St Petersburg RUS"]
[Date "2013.10.09"]
[Round "5.121"]
[White "Klimentiev, Sergey"]
[Black "Sokolov, Ilia"]
[Result "0-1"]
[WhiteElo "1877"]
[BlackElo "1792"]
[WhiteFideId "24155896"]
[BlackFideId "34107468"]
[EventDate "2013.10.05"]

1. e4 e6 2. d4 d5 3. Nc3 Bb4 4. e5 c5 5. Nf3 Ne7 6. Bb5+ Bd7 7. Bxd7+ Nxd7 8.
O-O cxd4 9. Qxd4 Nc6 10. Qg4 Bxc3 11. Qxg7 Bxe5 12. Nxe5 Qf6 13. Qxf6 Nxf6 14.
Bg5 Ne4 15. Bf4 Rg8 16. f3 Ng5 17. Ng4 Ke7 18. h4 Ne4 19. Nh6 Ng3 20. Rfe1 Rg6
21. Kh2 Nh5 22. Bd2 Kd7 23. Nxf7 Rag8 24. g4 Ng7 25. Bc3 d4 26. Rad1 Ke7 27.
Bxd4 Kxf7 28. Bc3 Ke7 29. Kh3 h5 30. g5 Rd8 31. Rxd8 Nxd8 32. Rd1 Nc6 33. Bf6+
Ke8 34. Rd6 e5 35. c3 Nf5 36. Rd1 Ne3 37. Re1 Nd5 38. Bxe5 Re6 39. Bg3 Nf4+ 40.
Kh2 Rxe1 41. Bxe1 Ne5 42. Kg3 Ned3 43. Bf2 Ne2+ 44. Kg2 Nxf2 45. Kxf2 Nf4 46.
Kg3 Nd3 47. b4 Kf7 48. f4 Kg6 49. Kf3 Kf5 50. Ke3 Nxf4 51. Kd4 Ng6 52. Kd5 Nxh4
53. b5 Ng6 54. c4 h4 0-1

[Event "Chigorin Memorial"]
[Site "St Petersburg RUS"]
[Date "2013.10.09"]
[Round "5.122"]
[White "Hyoetylae, Tapio"]
[Black "Klevets, Ksenia"]
[Result "1-0"]
[WhiteElo "1796"]
[BlackElo "1872"]
[WhiteFideId "501026"]
[BlackFideId "24157937"]
[EventDate "2013.10.05"]

1. d4 d5 2. c4 c6 3. Nf3 Nf6 4. e3 a6 5. a4 Nbd7 6. Nc3 e6 7. Bd3 Bd6 8. O-O O-O
9. e4 dxe4 10. Nxe4 Nxe4 11. Bxe4 Nf6 12. Bc2 Re8 13. Re1 Bf8 14. Bg5 g6 15. Ne5
Bg7 16. Qf3 h6 17. Be3 Qe7 18. Qh3 Qf8 19. Qg3 Rd8 20. Ra3 Bd7 21. Nxg6 fxg6 22.
Bxg6 Kh8 23. Bc1 Be8 24. Rf3 Rxd4 25. h3 Qb4 26. Rf1 Rdd8 27. Bxh6 Bxh6 28. Rxf6
Bg7 29. Qh4+ Kg8 1-0

[Event "Chigorin Memorial"]
[Site "St Petersburg RUS"]
[Date "2013.10.09"]
[Round "5.123"]
[White "Potapova, Tatiana"]
[Black "Gudkina, Zhanna"]
[Result "0-1"]
[WhiteElo "1636"]
[BlackElo "1846"]
[WhiteFideId "24128503"]
[BlackFideId "24102318"]
[EventDate "2013.10.05"]

1. e4 d6 2. Nf3 Nf6 3. d3 g6 4. c4 Bg7 5. Nc3 O-O 6. g3 c6 7. Bg2 e5 8. O-O Re8
9. Re1 Na6 10. a3 Nc7 11. Be3 d5 12. exd5 cxd5 13. Bg5 dxc4 14. dxc4 Qxd1 15.
Raxd1 h6 16. Bc1 e4 17. Nd2 Bg4 18. f3 exf3 19. Bxf3 Bxf3 20. Nxf3 Rad8 21. Bf4
Ne6 22. Be5 Nc5 23. b4 Nd3 24. Re2 Nxe5 25. Rxe5 Rxd1+ 26. Nxd1 Rxe5 27. Nxe5
Ne4 28. Nd3 Kf8 29. Kg2 Ke7 30. Ne3 Bd4 31. Nd5+ Kd6 32. h3 Nd2 33. N5f4 Nxc4
34. a4 Nb2 35. Nxb2 Bxb2 36. Nd3 Bd4 37. Kf3 Kd5 38. g4 b6 39. h4 Bf6 40. h5 Bg5
41. a5 gxh5 42. gxh5 f5 43. axb6 axb6 44. Nf4+ Kc4 45. Ne6 Bd2 0-1

[Event "Chigorin Memorial"]
[Site "St Petersburg RUS"]
[Date "2013.10.09"]
[Round "5.126"]
[White "Osipov, Vladimir N."]
[Black "Stoliarenko, Ivan"]
[Result "0-1"]
[WhiteElo "1919"]
[BlackElo "1724"]
[WhiteFideId "34139823"]
[BlackFideId "24199591"]
[EventDate "2013.10.05"]

1. e4 c5 2. Nf3 e6 3. d4 cxd4 4. Nxd4 Nc6 5. c4 a6 6. Nc3 Qc7 7. Be2 Nf6 8. O-O
Be7 9. Be3 d6 10. Rc1 O-O 11. a3 Na5 12. b4 e5 13. Nf5 Bxf5 14. bxa5 Bxe4 15.
Bb6 Qd7 16. c5 d5 17. f4 exf4 18. Rxf4 Qe6 19. Nxe4 Nxe4 20. Bg4 f5 21. Bf3 Bg5
22. Bxe4 dxe4 23. Rf1 Bxc1 24. Qxc1 Rac8 25. Rd1 f4 26. Qc3 Kh8 27. Qd4 f3 28.
gxf3 exf3 29. Rd2 0-1